<?xml version="1.0" encoding="UTF-8"?>
<collection xmlns="http://www.loc.gov/MARC21/slim">
 <record>
  <leader>00489pamaa2200169   4500</leader>
  <controlfield tag="001">0000034036</controlfield>
  <controlfield tag="005">20090424090000.0</controlfield>
  <datafield tag="020" ind1="0" ind2="0">
   <subfield code="a">0582342376 </subfield>
  </datafield>
  <datafield tag="082" ind1=" " ind2=" ">
   <subfield code="a">823 ESC</subfield>
  </datafield>
  <datafield tag="090" ind1="0" ind2="0">
   <subfield code="a">PR6055.E74 </subfield>
   <subfield code="b">ESC 2001</subfield>
  </datafield>
  <datafield tag="100" ind1="1" ind2="0">
   <subfield code="a">Escott </subfield>
  </datafield>
  <datafield tag="245" ind1="1" ind2="0">
   <subfield code="a">Happy christmas! : </subfield>
   <subfield code="b">level 3  </subfield>
   <subfield code="c">John Escott.</subfield>
  </datafield>
  <datafield tag="260" ind1="0" ind2="0">
   <subfield code="a">Essex: </subfield>
   <subfield code="b">Pearson Education, </subfield>
   <subfield code="c">2001.</subfield>
  </datafield>
  <datafield tag="300" ind1=" " ind2=" ">
   <subfield code="a">v, 42p.: </subfield>
   <subfield code="b">col. ill.; </subfield>
   <subfield code="c">20cm.</subfield>
  </datafield>
  <datafield tag="440" ind1="0" ind2="0">
   <subfield code="a">Penguin Readers</subfield>
  </datafield>
  <datafield tag="500" ind1="0" ind2="0">
   <subfield code="a">Includes 1 cassette and Activity book titled &quot; Happy Christmas!&quot;</subfield>
  </datafield>
  <datafield tag="650" ind1="0" ind2="0">
   <subfield code="a">Fiction </subfield>
  </datafield>
 </record>
</collection>
